[Event "DVM U20 2023"]
[Site "Magdeburg GER"]
[Date "2023.12.29"]
[Round "6"]
[White "Reimer, Philip"]
[Black "Lohr, Maximilian"]
[Result "0-1"]
[Termination "normal"]
[Board "5.1"]
[WhiteElo "2152"]
[BlackElo "2061"]
[WhiteClock "00:17:36"]
[BlackClock "00:31:20"]
[WhiteTeam "SK Lehrte 1919"]
[BlackTeam "FC Ergolding 1932"]
[PlyCount "138"]
[WhiteFideId "16235860"]
[BlackFideId "12999717"]
[EventCountry "GER"]
[EventRounds "7"]
[EventType "team-swiss"]
[EventDate "2023.12.26"]

1. e4 {[%clk 01:30:57]} {[%emt 00:00:01]} c5 {[%clk 01:30:56]} {[%emt
00:00:05]} 2. Nf3 {[%clk 01:31:23]} {[%emt 00:00:04]} d6 {[%clk 01:31:22]}
{[%emt 00:00:04]} 3. d4 {[%clk 01:31:47]} {[%emt 00:00:06]} cxd4 {[%clk
01:31:49]} {[%emt 00:00:04]} 4. Nxd4 {[%clk 01:32:12]} {[%emt 00:00:03]} Nf6
{[%clk 01:32:14]} {[%emt 00:00:06]} 5. Nc3 {[%clk 01:32:36]} {[%emt 00:00:04]}
a6 {[%clk 01:32:40]} {[%emt 00:00:05]} 6. f4 {[%clk 01:33:02]} {[%emt
00:00:05]} e5 {[%clk 01:32:26]} {[%emt 00:00:44]} 7. Nb3 {[%clk 01:33:18]}
{[%emt 00:00:14]} Nc6 {[%clk 01:32:32]} {[%emt 00:00:23]} 8. Bd3 {[%clk
01:33:30]} {[%emt 00:00:19]} Be7 {[%clk 01:32:29]} {[%emt 00:00:33]} 9. f5
{[%clk 01:33:54]} {[%emt 00:00:06]} Nb4 {[%clk 01:31:18]} {[%emt 00:01:41]} 10.
O-O {[%clk 01:14:56]} {[%emt 00:19:27]} b5 {[%clk 01:17:48]} {[%emt 00:14:01]}
11. Kh1 {[%clk 01:09:34]} {[%emt 00:05:53]} Bb7 {[%clk 01:17:17]} {[%emt
00:00:59]} 12. a4 {[%clk 01:06:06]} {[%emt 00:03:59]} Nxd3 {[%clk 01:14:24]}
{[%emt 00:03:22]} 13. Qxd3 {[%clk 01:06:28]} {[%emt 00:00:07]} b4 {[%clk
01:14:41]} {[%emt 00:00:13]} 14. Nd5 {[%clk 01:06:51]} {[%emt 00:00:07]} Nxd5
{[%clk 01:14:18]} {[%emt 00:00:54]} 15. exd5 {[%clk 01:07:13]} {[%emt
00:00:08]} a5 {[%clk 01:13:52]} {[%emt 00:00:56]} 16. c4 {[%clk 01:06:43]}
{[%emt 00:01:00]} bxc3 {[%clk 01:12:54]} {[%emt 00:01:28]} 17. bxc3 {[%clk
01:04:10]} {[%emt 00:03:03]} Ba6 {[%clk 01:11:30]} {[%emt 00:01:54]} 18. c4
{[%clk 01:03:55]} {[%emt 00:00:44]} Rc8 {[%clk 01:11:51]} {[%emt 00:00:09]} 19.
Nd2 {[%clk 00:59:09]} {[%emt 00:05:16]} Bg5 {[%clk 01:07:10]} {[%emt 00:05:10]}
20. Qg3 {[%clk 00:41:08]} {[%emt 00:18:33]} Bf6 {[%clk 01:02:19]} {[%emt
00:05:20]} 21. Ba3 {[%clk 00:14:49]} {[%emt 00:26:50]} Bxc4 {[%clk 00:50:08]}
{[%emt 00:12:40]} 22. Ne4 {[%clk 00:08:34]} {[%emt 00:06:46]} Bxf1 {[%clk
00:50:30]} {[%emt 00:00:07]} 23. Nxd6+ {[%clk 00:08:47]} {[%emt 00:00:18]} Kd7
{[%clk 00:50:55]} {[%emt 00:00:05]} 24. Rxf1 {[%clk 00:08:36]} {[%emt
00:00:40]} Qb6 {[%clk 00:50:04]} {[%emt 00:01:21]} 25. Nxf7 {[%clk 00:06:24]}
{[%emt 00:02:42]} Qd4 {[%clk 00:48:53]} {[%emt 00:01:40]} 26. Qb3 {[%clk
00:05:30]} {[%emt 00:01:25]} Rb8 {[%clk 00:48:35]} {[%emt 00:00:48]} 27. Qf3
{[%clk 00:04:41]} {[%emt 00:01:21]} Rhc8 {[%clk 00:48:27]} {[%emt 00:00:37]}
28. Qh5 {[%clk 00:03:00]} {[%emt 00:02:11]} Qe3 {[%clk 00:29:40]} {[%emt
00:19:16]} 29. Nxe5+ {[%clk 00:01:04]} {[%emt 00:02:26]} Qxe5 {[%clk 00:30:06]}
{[%emt 00:00:04]} 30. Qf7+ {[%clk 00:01:27]} {[%emt 00:00:07]} Kd8 {[%clk
00:30:32]} {[%emt 00:00:04]} 31. Qf8+ {[%clk 00:00:48]} {[%emt 00:01:09]} Kc7
{[%clk 00:21:32]} {[%emt 00:09:29]} 32. d6+ {[%clk 00:01:02]} {[%emt 00:00:16]}
Kb6 {[%clk 00:21:12]} {[%emt 00:00:50]} 33. Qf7 {[%clk 00:00:40]} {[%emt
00:00:52]} Ka6 {[%clk 00:20:49]} {[%emt 00:00:53]} 34. d7 {[%clk 00:00:42]}
{[%emt 00:00:29]} Rc6 {[%clk 00:18:24]} {[%emt 00:02:55]} 35. Rd1 {[%clk
00:00:33]} {[%emt 00:00:39]} Qd4 {[%clk 00:16:15]} {[%emt 00:02:35]} 36. Qh5
{[%clk 00:00:38]} {[%emt 00:00:29]} Qxa4 {[%clk 00:16:12]} {[%emt 00:00:33]}
37. Qe2+ {[%clk 00:00:35]} {[%emt 00:00:33]} Qb5 {[%clk 00:15:40]} {[%emt
00:01:01]} 38. Qe4 {[%clk 00:00:35]} {[%emt 00:00:31]} Qc4 {[%clk 00:13:59]}
{[%emt 00:02:11]} 39. Qe1 {[%clk 00:00:32]} {[%emt 00:00:33]} Rcb6 {[%clk
00:07:31]} {[%emt 00:06:57]} 40. Be7 {[%clk 00:00:34]} {[%emt 00:00:28]} Bxe7
{[%clk 00:07:39]} {[%emt 00:00:23]} 41. Qxe7 {[%clk 00:00:57]} {[%emt
00:00:07]} Rb1 {[%clk 00:02:16]} {[%emt 00:05:52]} 42. Qd6+ {[%clk 00:28:02]}
{[%emt 00:03:25]} Ka7 {[%clk 00:31:12]} {[%emt 00:01:34]} 43. h3 {[%clk
00:27:54]} {[%emt 00:00:38]} Rxd1+ {[%clk 00:31:36]} {[%emt 00:00:06]} 44. Qxd1
{[%clk 00:28:18]} {[%emt 00:00:08]} Qc7 {[%clk 00:31:30]} {[%emt 00:00:35]} 45.
Qd4+ {[%clk 00:28:14]} {[%emt 00:00:34]} Ka6 {[%clk 00:31:14]} {[%emt
00:00:47]} 46. Qd3+ {[%clk 00:28:04]} {[%emt 00:00:39]} Kb6 {[%clk 00:30:29]}
{[%emt 00:01:15]} 47. Qd4+ {[%clk 00:26:33]} {[%emt 00:02:00]} Kc6 {[%clk
00:29:26]} {[%emt 00:01:33]} 48. Qa4+ {[%clk 00:26:53]} {[%emt 00:00:11]} Kd6
{[%clk 00:29:26]} {[%emt 00:00:31]} 49. Qd4+ {[%clk 00:27:07]} {[%emt
00:00:15]} Kc6 {[%clk 00:29:24]} {[%emt 00:00:31]} 50. Qa4+ {[%clk 00:27:29]}
{[%emt 00:00:08]} Rb5 {[%clk 00:26:59]} {[%emt 00:02:56]} 51. Qc4+ {[%clk
00:24:51]} {[%emt 00:03:08]} Rc5 {[%clk 00:27:20]} {[%emt 00:00:08]} 52. Qa6+
{[%clk 00:21:48]} {[%emt 00:03:33]} Kxd7 {[%clk 00:27:39]} {[%emt 00:00:11]}
53. Qe6+ {[%clk 00:22:11]} {[%emt 00:00:07]} Kd8 {[%clk 00:28:04]} {[%emt
00:00:05]} 54. Qg8+ {[%clk 00:22:27]} {[%emt 00:00:16]} Ke7 {[%clk 00:28:28]}
{[%emt 00:00:04]} 55. Qxg7+ {[%clk 00:22:37]} {[%emt 00:00:21]} Kd6 {[%clk
00:28:48]} {[%emt 00:00:08]} 56. Qh6+ {[%clk 00:19:53]} {[%emt 00:03:15]} Kd5
{[%clk 00:29:05]} {[%emt 00:00:13]} 57. Qd2+ {[%clk 00:19:53]} {[%emt
00:00:30]} Ke4 {[%clk 00:28:32]} {[%emt 00:01:03]} 58. Qe2+ {[%clk 00:19:39]}
{[%emt 00:00:44]} Kxf5 {[%clk 00:28:56]} {[%emt 00:00:06]} 59. Qg4+ {[%clk
00:19:34]} {[%emt 00:00:35]} Kf6 {[%clk 00:29:01]} {[%emt 00:00:25]} 60. Qd4+
{[%clk 00:18:00]} {[%emt 00:02:05]} Ke6 {[%clk 00:29:08]} {[%emt 00:00:22]} 61.
Qe3+ {[%clk 00:17:11]} {[%emt 00:01:19]} Kd7 {[%clk 00:29:18]} {[%emt
00:00:19]} 62. Qd4+ {[%clk 00:16:51]} {[%emt 00:00:51]} Kc8 {[%clk 00:29:42]}
{[%emt 00:00:06]} 63. Qg4+ {[%clk 00:17:04]} {[%emt 00:00:15]} Kb7 {[%clk
00:29:55]} {[%emt 00:00:18]} 64. Qe4+ {[%clk 00:16:50]} {[%emt 00:00:44]} Kb8
{[%clk 00:30:14]} {[%emt 00:00:11]} 65. Qe8+ {[%clk 00:17:09]} {[%emt
00:00:12]} Qc8 {[%clk 00:30:06]} {[%emt 00:00:37]} 66. Qe3 {[%clk 00:16:29]}
{[%emt 00:01:11]} Rc1+ {[%clk 00:30:27]} {[%emt 00:00:09]} 67. Kh2 {[%clk
00:16:50]} {[%emt 00:00:09]} Qc7+ {[%clk 00:30:54]} {[%emt 00:00:03]} 68. g3
{[%clk 00:17:11]} {[%emt 00:00:08]} Qc2+ {[%clk 00:31:20]} {[%emt 00:00:04]}
69. Qd2 {[%clk 00:17:36]} {[%emt 00:00:06]} Qxd2# {[%emt 00:00:03]} 0-1

[Event "DVM U20 2023"]
[Site "Magdeburg GER"]
[Date "2023.12.29"]
[Round "6"]
[White "Mooser, Nicolas"]
[Black "Dornieden, Jonas"]
[Result "0-1"]
[Termination "normal"]
[Board "5.2"]
[WhiteElo "2028"]
[BlackElo "2036"]
[WhiteClock "00:22:13"]
[BlackClock "00:06:47"]
[WhiteTeam "FC Ergolding 1932"]
[BlackTeam "SK Lehrte 1919"]
[PlyCount "113"]
[WhiteFideId "12979406"]
[BlackFideId "1336460"]
[EventCountry "GER"]
[EventRounds "7"]
[EventType "team-swiss"]
[EventDate "2023.12.26"]

1. d4 {[%clk 01:30:54]} {[%emt 00:00:06]} d5 {[%clk 01:30:53]} {[%emt
00:00:08]} 2. c4 {[%clk 01:31:19]} {[%emt 00:00:04]} e6 {[%clk 01:31:18]}
{[%emt 00:00:06]} 3. Nf3 {[%clk 01:31:28]} {[%emt 00:00:21]} Nf6 {[%clk
01:31:36]} {[%emt 00:00:11]} 4. g3 {[%clk 01:31:53]} {[%emt 00:00:05]} Be7
{[%clk 01:31:51]} {[%emt 00:00:15]} 5. Bg2 {[%clk 01:32:18]} {[%emt 00:00:05]}
O-O {[%clk 01:32:11]} {[%emt 00:00:09]} 6. O-O {[%clk 01:32:44]} {[%emt
00:00:05]} dxc4 {[%clk 01:32:32]} {[%emt 00:00:10]} 7. Qc2 {[%clk 01:33:07]}
{[%emt 00:00:05]} b6 {[%clk 01:32:39]} {[%emt 00:00:25]} 8. Qxc4 {[%clk
01:23:08]} {[%emt 00:10:28]} Bb7 {[%clk 01:30:04]} {[%emt 00:03:04]} 9. Nc3
{[%clk 01:22:29]} {[%emt 00:01:10]} Nbd7 {[%clk 01:16:28]} {[%emt 00:14:07]}
10. Rd1 {[%clk 01:17:11]} {[%emt 00:05:46]} Nd5 {[%clk 01:12:31]} {[%emt
00:04:28]} 11. Nxd5 {[%clk 01:14:49]} {[%emt 00:02:52]} Bxd5 {[%clk 01:10:53]}
{[%emt 00:02:08]} 12. Qc2 {[%clk 01:14:05]} {[%emt 00:01:12]} Nf6 {[%clk
01:08:12]} {[%emt 00:03:12]} 13. Bf4 {[%clk 01:04:25]} {[%emt 00:10:10]} Rc8
{[%clk 01:04:31]} {[%emt 00:04:12]} 14. b3 {[%clk 01:02:19]} {[%emt 00:02:36]}
Be4 {[%clk 00:57:58]} {[%emt 00:07:03]} 15. Qb2 {[%clk 00:59:58]} {[%emt
00:02:50]} Nd5 {[%clk 00:55:17]} {[%emt 00:03:11]} 16. Bd2 {[%clk 00:58:00]}
{[%emt 00:02:27]} c5 {[%clk 00:48:59]} {[%emt 00:06:50]} 17. dxc5 {[%clk
00:55:25]} {[%emt 00:03:05]} Bf6 {[%clk 00:42:11]} {[%emt 00:07:19]} 18. Ne5
{[%clk 00:54:14]} {[%emt 00:01:40]} Bxg2 {[%clk 00:40:18]} {[%emt 00:02:23]}
19. Kxg2 {[%clk 00:54:34]} {[%emt 00:00:10]} Rxc5 {[%clk 00:32:34]} {[%emt
00:08:14]} 20. b4 {[%clk 00:45:14]} {[%emt 00:09:49]} Nxb4 {[%clk 00:26:40]}
{[%emt 00:06:24]} 21. Bxb4 {[%clk 00:44:05]} {[%emt 00:01:40]} Qa8+ {[%clk
00:26:32]} {[%emt 00:00:38]} 22. Kg1 {[%clk 00:42:51]} {[%emt 00:01:44]} Bxe5
{[%clk 00:26:10]} {[%emt 00:00:52]} 23. Qa3 {[%clk 00:42:58]} {[%emt 00:00:22]}
Bxa1 {[%clk 00:25:34]} {[%emt 00:01:07]} 24. Bxc5 {[%clk 00:42:59]} {[%emt
00:00:28]} bxc5 {[%clk 00:24:45]} {[%emt 00:01:21]} 25. Rxa1 {[%clk 00:43:21]}
{[%emt 00:00:05]} Rc8 {[%clk 00:22:00]} {[%emt 00:03:17]} 26. Rc1 {[%clk
00:43:05]} {[%emt 00:00:46]} c4 {[%clk 00:21:39]} {[%emt 00:00:51]} 27. Rc3
{[%clk 00:37:14]} {[%emt 00:06:20]} Qb7 {[%clk 00:20:19]} {[%emt 00:01:50]} 28.
f3 {[%clk 00:36:44]} {[%emt 00:01:01]} h5 {[%clk 00:18:36]} {[%emt 00:02:13]}
29. h4 {[%clk 00:36:29]} {[%emt 00:00:44]} Qc7 {[%clk 00:09:16]} {[%emt
00:09:50]} 30. Kg2 {[%clk 00:36:07]} {[%emt 00:00:53]} a5 {[%clk 00:08:41]}
{[%emt 00:01:06]} 31. Qa4 {[%clk 00:35:19]} {[%emt 00:01:17]} Qe5 {[%clk
00:08:07]} {[%emt 00:01:04]} 32. Qc2 {[%clk 00:35:24]} {[%emt 00:00:23]} Qc5
{[%clk 00:05:07]} {[%emt 00:03:32]} 33. Qa4 {[%clk 00:29:27]} {[%emt 00:06:26]}
g6 {[%clk 00:04:41]} {[%emt 00:00:56]} 34. Qc2 {[%clk 00:29:48]} {[%emt
00:00:09]} Rc7 {[%clk 00:04:31]} {[%emt 00:00:41]} 35. Qa4 {[%clk 00:29:35]}
{[%emt 00:00:43]} Kh7 {[%clk 00:03:24]} {[%emt 00:01:38]} 36. Qc2 {[%clk
00:29:26]} {[%emt 00:00:38]} Kg7 {[%clk 00:01:41]} {[%emt 00:02:14]} 37. Qa4
{[%clk 00:29:22]} {[%emt 00:00:34]} Qe5 {[%clk 00:01:46]} {[%emt 00:00:25]} 38.
Qc2 {[%clk 00:29:42]} {[%emt 00:00:09]} Qd4 {[%clk 00:02:05]} {[%emt 00:00:12]}
39. Qc1 {[%clk 00:28:42]} {[%emt 00:01:30]} e5 {[%clk 00:01:28]} {[%emt
00:01:07]} 40. Qc2 {[%clk 00:27:52]} {[%emt 00:01:21]} Rc6 {[%clk 00:01:02]}
{[%emt 00:00:55]} 41. Qc1 {[%clk 00:22:26]} {[%emt 00:05:56]} e4 {[%clk
00:26:43]} {[%emt 00:04:49]} 42. f4 {[%clk 00:51:04]} {[%emt 00:01:52]} Qd5
{[%clk 00:21:51]} {[%emt 00:05:22]} 43. Kh2 {[%clk 00:47:05]} {[%emt 00:04:29]}
Qc5 {[%clk 00:21:28]} {[%emt 00:00:53]} 44. e3 {[%clk 00:38:46]} {[%emt
00:08:48]} Qd5 {[%clk 00:19:06]} {[%emt 00:02:53]} 45. Qc2 {[%clk 00:37:31]}
{[%emt 00:01:44]} Qe6 {[%clk 00:17:44]} {[%emt 00:01:52]} 46. Kg2 {[%clk
00:33:49]} {[%emt 00:04:12]} Rc5 {[%clk 00:17:47]} {[%emt 00:00:27]} 47. Kh2
{[%clk 00:33:27]} {[%emt 00:00:52]} Qd7 {[%clk 00:15:41]} {[%emt 00:02:37]} 48.
Rxc4 {[%clk 00:26:05]} {[%emt 00:07:52]} Rxc4 {[%clk 00:15:56]} {[%emt
00:00:15]} 49. Qxc4 {[%clk 00:26:31]} {[%emt 00:00:04]} Qd2+ {[%clk 00:16:19]}
{[%emt 00:00:07]} 50. Kh3 {[%clk 00:26:45]} {[%emt 00:00:15]} Qxe3 {[%clk
00:16:20]} {[%emt 00:00:30]} 51. Qd5 {[%clk 00:27:03]} {[%emt 00:00:15]} Qe1
{[%clk 00:13:01]} {[%emt 00:03:45]} 52. Kh2 {[%clk 00:25:02]} {[%emt 00:02:32]}
e3 {[%clk 00:11:25]} {[%emt 00:02:05]} 53. Qe5+ {[%clk 00:23:29]} {[%emt
00:02:03]} Kh7 {[%clk 00:11:41]} {[%emt 00:00:14]} 54. Qe7 {[%clk 00:23:42]}
{[%emt 00:00:18]} Qd2+ {[%clk 00:10:06]} {[%emt 00:02:04]} 55. Kg1 {[%clk
00:22:57]} {[%emt 00:01:15]} Qd1+ {[%clk 00:06:47]} {[%emt 00:03:50]} 56. Kg2
{[%clk 00:22:37]} {[%emt 00:00:49]} Qc2+ {[%clk 00:06:47]} {[%emt 00:00:29]}
57. Kf3 {[%clk 00:22:13]} {[%emt 00:00:55]} *

[Event "DVM U20 2023"]
[Site "Magdeburg GER"]
[Date "2023.12.29"]
[Round "6"]
[White "Kieselbach, Marvin"]
[Black "Astner, Sebastian"]
[Result "0-1"]
[Termination "normal"]
[Board "5.3"]
[WhiteElo "1970"]
[BlackElo "1881"]
[WhiteTeam "SK Lehrte 1919"]
[BlackTeam "FC Ergolding 1932"]
[PlyCount "97"]
[WhiteFideId "16235770"]
[BlackFideId "12979422"]
[EventCountry "GER"]
[EventRounds "7"]
[EventType "team-swiss"]
[EventDate "2023.12.26"]

1. e4 {[%emt 01:13:12]} Nc6 {[%emt 00:00:08]} 2. d4 {[%emt 00:00:55]} d5 {[%emt
00:00:30]} 3. exd5 {[%emt 00:04:38]} Qxd5 {[%emt 00:00:09]} 4. Nf3 {[%emt
00:00:15]} e5 {[%emt 00:00:07]} 5. Nc3 {[%emt 00:01:01]} Bb4 {[%emt 00:00:09]}
6. dxe5 {[%emt 00:00:41]} Qxd1+ {[%emt 00:01:49]} 7. Kxd1 Bg4 {[%emt 00:00:08]}
8. Bg5 {[%emt 00:03:34]} Nxe5 {[%emt 00:02:09]} 9. Be2 {[%emt 00:00:36]} Nxf3
{[%emt 00:02:10]} 10. Bxf3 {[%emt 00:00:35]} Bxf3+ {[%emt 00:00:06]} 11. gxf3
{[%emt 00:00:06]} f6 {[%emt 00:01:11]} 12. Be3 {[%emt 00:01:27]} O-O-O+ {[%emt
00:01:42]} 13. Ke2 {[%emt 00:00:08]} Ne7 {[%emt 00:01:03]} 14. Rad1 {[%emt
00:01:15]} Bxc3 {[%emt 00:04:21]} 15. bxc3 {[%emt 00:00:07]} Nd5 {[%emt
00:00:07]} 16. Rd3 {[%emt 00:03:42]} Rhe8 {[%emt 00:02:12]} 17. Kd2 {[%emt
00:00:31]} Nxe3 {[%emt 00:08:41]} 18. fxe3 {[%emt 00:00:15]} Re5 {[%emt
00:00:12]} 19. Rxd8+ {[%emt 00:07:49]} Kxd8 {[%emt 00:00:06]} 20. Rg1 {[%emt
00:00:48]} g6 {[%emt 00:00:14]} 21. a4 {[%emt 00:07:17]} Rd5+ {[%emt 00:05:54]}
22. Ke2 {[%emt 00:01:49]} Rh5 {[%emt 00:01:31]} 23. Rg2 {[%emt 00:01:22]} Kd7
{[%emt 00:00:22]} 24. Kd3 {[%emt 00:00:17]} Kd6 {[%emt 00:00:20]} 25. Kc4
{[%emt 00:03:09]} Rh3 {[%emt 00:01:39]} 26. Rf2 {[%emt 00:01:06]} Ke5 {[%emt
00:01:34]} 27. Kc5 {[%emt 00:04:17]} Rh4 {[%emt 00:02:20]} 28. c4 {[%emt
00:00:34]} Ke6 {[%emt 00:02:03]} 29. a5 {[%emt 00:05:02]} Rh5+ {[%emt
00:04:20]} 30. Kb4 {[%emt 00:00:19]} Re5 {[%emt 00:00:32]} 31. Re2 {[%emt
00:04:22]} g5 {[%emt 00:00:30]} 32. c5 {[%emt 00:01:58]} h5 {[%emt 00:02:58]}
33. e4 {[%emt 00:02:26]} f5 {[%emt 00:03:18]} 34. Kc4 {[%emt 00:12:40]} fxe4
{[%emt 00:02:46]} 35. fxe4 {[%emt 00:02:07]} g4 {[%emt 00:00:44]} 36. Kd4
{[%emt 00:00:23]} h4 {[%emt 00:00:41]} 37. Rg2 {[%emt 00:04:12]} Rg5 {[%emt
00:00:23]} 38. e5 {[%emt 00:04:54]} g3 {[%emt 00:01:41]} 39. hxg3 {[%emt
00:00:25]} Rxg3 {[%emt 00:00:30]} 40. Rh2 {[%emt 00:00:44]} Rg4+ {[%emt
00:00:08]} 41. Kc3 {[%emt 00:00:24]} Kxe5 {[%emt 00:00:09]} 42. a6 {[%emt
00:00:13]} bxa6 {[%emt 00:00:51]} 43. Kb3 {[%emt 00:00:25]} Kd5 {[%emt
00:00:36]} 44. Kc3 {[%emt 00:00:48]} Kxc5 {[%emt 00:00:12]} 45. Kb3 {[%emt
00:00:05]} Rg3+ {[%emt 00:00:32]} 46. Ka4 {[%emt 00:00:21]} h3 {[%emt
00:00:16]} 47. c4 {[%emt 00:00:33]} Kxc4 {[%emt 00:00:13]} 48. Rc2 {[%emt
00:00:05]} Rc3 {[%emt 00:00:05]} 49. Rxc3 {[%emt 00:00:08]} 0-1

[Event "DVM U20 2023"]
[Site "Magdeburg GER"]
[Date "2023.12.29"]
[Round "6"]
[White "Helmbrecht, Paul"]
[Black "Kieselbach, Jannik"]
[Result "1/2-1/2"]
[Termination "normal"]
[Board "5.4"]
[WhiteElo "1712"]
[BlackElo "1914"]
[WhiteClock "00:14:27"]
[BlackClock "00:18:12"]
[WhiteTeam "FC Ergolding 1932"]
[BlackTeam "SK Lehrte 1919"]
[PlyCount "114"]
[WhiteFideId "16270932"]
[BlackFideId "16246403"]
[EventCountry "GER"]
[EventRounds "7"]
[EventType "team-swiss"]
[EventDate "2023.12.26"]

1. c4 {[%clk 01:30:40]} {[%emt 00:00:21]} e6 {[%clk 01:30:13]} {[%emt
00:00:46]} 2. g3 {[%clk 01:31:02]} {[%emt 00:00:09]} Nf6 {[%clk 01:30:05]}
{[%emt 00:00:38]} 3. Bg2 {[%clk 01:31:21]} {[%emt 00:00:11]} d5 {[%clk
01:30:08]} {[%emt 00:00:26]} 4. Nf3 {[%clk 01:31:44]} {[%emt 00:00:08]} Be7
{[%clk 01:30:25]} {[%emt 00:00:13]} 5. O-O {[%clk 01:31:59]} {[%emt 00:00:15]}
O-O {[%clk 01:30:34]} {[%emt 00:00:22]} 6. b3 {[%clk 01:32:17]} {[%emt
00:00:11]} d4 {[%clk 01:30:40]} {[%emt 00:00:24]} 7. e3 {[%clk 01:32:22]}
{[%emt 00:00:25]} c5 {[%clk 01:30:16]} {[%emt 00:00:54]} 8. exd4 {[%clk
01:32:47]} {[%emt 00:00:05]} cxd4 {[%clk 01:30:40]} {[%emt 00:00:05]} 9. Re1
{[%clk 01:33:13]} {[%emt 00:00:05]} Nc6 {[%clk 01:28:52]} {[%emt 00:02:17]} 10.
Ba3 {[%clk 01:33:15]} {[%emt 00:00:28]} Ne8 {[%clk 01:23:28]} {[%emt 00:05:55]}
11. Bxe7 {[%clk 01:33:11]} {[%emt 00:00:35]} Qxe7 {[%clk 01:23:35]} {[%emt
00:00:21]} 12. d3 {[%clk 01:32:14]} {[%emt 00:01:27]} f6 {[%clk 01:23:09]}
{[%emt 00:00:55]} 13. Nbd2 {[%clk 01:30:34]} {[%emt 00:02:11]} Nd6 {[%clk
01:20:18]} {[%emt 00:03:21]} 14. Ne4 {[%clk 01:25:41]} {[%emt 00:05:24]} Nxe4
{[%clk 01:19:56]} {[%emt 00:00:52]} 15. Rxe4 {[%clk 01:23:38]} {[%emt
00:02:32]} e5 {[%clk 01:20:13]} {[%emt 00:00:13]} 16. Qd2 {[%clk 01:22:58]}
{[%emt 00:01:10]} Qb4 {[%clk 01:02:01]} {[%emt 00:18:43]} 17. Re2 {[%clk
01:20:30]} {[%emt 00:02:58]} a5 {[%clk 00:52:25]} {[%emt 00:10:06]} 18. Qxb4
{[%clk 01:06:55]} {[%emt 00:14:05]} Nxb4 {[%clk 00:49:27]} {[%emt 00:03:27]}
19. Rd1 {[%clk 01:07:09]} {[%emt 00:00:16]} Rb8 {[%clk 00:47:04]} {[%emt
00:02:52]} 20. a3 {[%clk 01:07:12]} {[%emt 00:00:29]} Na6 {[%clk 00:45:35]}
{[%emt 00:01:58]} 21. Ne1 {[%clk 00:48:06]} {[%emt 00:19:36]} b5 {[%clk
00:30:08]} {[%emt 00:15:57]} 22. Bd5+ {[%clk 00:47:15]} {[%emt 00:01:22]} Kh8
{[%clk 00:30:30]} {[%emt 00:00:07]} 23. cxb5 {[%clk 00:47:19]} {[%emt
00:00:26]} Nc7 {[%clk 00:30:08]} {[%emt 00:00:52]} 24. Bc4 {[%clk 00:41:59]}
{[%emt 00:05:51]} Nxb5 {[%clk 00:29:41]} {[%emt 00:00:57]} 25. Bxb5 {[%clk
00:41:07]} {[%emt 00:01:22]} Rxb5 {[%clk 00:29:56]} {[%emt 00:00:15]} 26. Rb1
{[%clk 00:39:51]} {[%emt 00:01:45]} Be6 {[%clk 00:21:34]} {[%emt 00:08:52]} 27.
b4 {[%clk 00:38:46]} {[%emt 00:01:36]} Rfb8 {[%clk 00:21:13]} {[%emt 00:00:50]}
28. Nc2 {[%clk 00:35:40]} {[%emt 00:03:36]} Bf5 {[%clk 00:18:40]} {[%emt
00:03:04]} 29. Rd2 {[%clk 00:35:39]} {[%emt 00:00:30]} Rc5 {[%clk 00:15:52]}
{[%emt 00:03:18]} 30. Rbd1 {[%clk 00:20:05]} {[%emt 00:16:05]} Rc3 {[%clk
00:13:02]} {[%emt 00:03:19]} 31. bxa5 {[%clk 00:19:09]} {[%emt 00:01:26]} Bxd3
{[%clk 00:06:28]} {[%emt 00:07:04]} 32. Nxd4 {[%clk 00:16:45]} {[%emt
00:02:54]} e4 {[%clk 00:02:42]} {[%emt 00:04:16]} 33. f3 {[%clk 00:14:05]}
{[%emt 00:03:11]} Kg8 {[%clk 00:01:30]} {[%emt 00:01:42]} 34. fxe4 {[%clk
00:11:12]} {[%emt 00:03:23]} Bxe4 {[%clk 00:01:58]} {[%emt 00:00:03]} 35. Re1
{[%clk 00:09:41]} {[%emt 00:02:00]} Bg6 {[%clk 00:01:42]} {[%emt 00:00:46]} 36.
a6 {[%clk 00:08:00]} {[%emt 00:02:10]} Rxa3 {[%clk 00:01:07]} {[%emt 00:01:06]}
37. a7 {[%clk 00:06:31]} {[%emt 00:01:58]} Rxa7 {[%clk 00:00:50]} {[%emt
00:00:48]} 38. Nc6 {[%clk 00:06:42]} {[%emt 00:00:19]} Raa8 {[%clk 00:01:01]}
{[%emt 00:00:18]} 39. Nxb8 {[%clk 00:06:32]} {[%emt 00:00:40]} Rxb8 {[%clk
00:01:23]} {[%emt 00:00:08]} 40. Red1 {[%clk 00:03:51]} {[%emt 00:03:11]} Be8
{[%clk 00:01:05]} {[%emt 00:00:48]} 41. Rd8 {[%clk 00:03:28]} {[%emt 00:00:54]}
Rxd8 {[%clk 00:01:28]} {[%emt 00:00:07]} 42. Rxd8 {[%clk 00:03:53]} {[%emt
00:00:04]} Kf7 {[%clk 00:01:54]} {[%emt 00:00:04]} 43. Kf2 {[%clk 00:03:06]}
{[%emt 00:01:17]} Bb5 {[%clk 00:01:50]} {[%emt 00:00:34]} 44. Rb8 {[%clk
00:03:22]} {[%emt 00:00:12]} Bc6 {[%clk 00:01:53]} {[%emt 00:00:27]} 45. g4
{[%clk 00:26:27]} {[%emt 00:07:26]} Kg6 {[%clk 00:28:15]} {[%emt 00:04:08]} 46.
Kg3 {[%clk 00:21:31]} {[%emt 00:05:27]} h5 {[%clk 00:26:43]} {[%emt 00:02:01]}
47. Rc8 {[%clk 00:21:42]} {[%emt 00:00:18]} Ba4 {[%clk 00:26:12]} {[%emt
00:01:02]} 48. gxh5+ {[%clk 00:19:45]} {[%emt 00:02:28]} Kxh5 {[%clk 00:26:31]}
{[%emt 00:00:10]} 49. Kf4 {[%clk 00:19:25]} {[%emt 00:00:50]} Kg6 {[%clk
00:24:30]} {[%emt 00:02:32]} 50. Rc5 {[%clk 00:18:54]} {[%emt 00:01:00]} Bd1
{[%clk 00:23:31]} {[%emt 00:01:30]} 51. Rc1 {[%clk 00:17:57]} {[%emt 00:01:28]}
Be2 {[%clk 00:22:44]} {[%emt 00:01:16]} 52. Rc3 {[%clk 00:15:05]} {[%emt
00:03:22]} Bd1 {[%clk 00:23:01]} {[%emt 00:00:13]} 53. Rg3+ {[%clk 00:15:22]}
{[%emt 00:00:13]} Kf7 {[%clk 00:23:13]} {[%emt 00:00:17]} 54. Rg2 {[%clk
00:15:20]} {[%emt 00:00:31]} Ba4 {[%clk 00:23:08]} {[%emt 00:00:36]} 55. h4
{[%clk 00:14:41]} {[%emt 00:01:10]} Bb3 {[%clk 00:18:50]} {[%emt 00:04:47]} 56.
h5 {[%clk 00:14:16]} {[%emt 00:00:55]} Bd1 {[%clk 00:19:01]} {[%emt 00:00:19]}
57. Rh2 {[%clk 00:14:27]} {[%emt 00:00:20]} Kg8 {[%clk 00:18:12]} {[%emt
00:01:18]} *